فعالية برنامج معرفى سلوكى فى التخفيف من حدة الاكتئاب والوسواس القهرى / (رقم التسجيلة. 48477)

تفاصيل مارك
000 -LEADER
fixed length control field 01202cam a2200265 a 4500
003 - CONTROL NUMBER IDENTIFIER
control field EG-GiCUC
005 - DATE AND TIME OF LATEST TRANSACTION
control field 20250223031113.0
008 - FIXED-LENGTH DATA ELEMENTS--GENERAL INFORMATION
fixed length control field 141129s2013 ua f m 000 0 ara d
040 ## - CATALOGING SOURCE
Original cataloging agency EG-GiCUC
Language of cataloging ara
Transcribing agency EG-GiCUC
041 0# - LANGUAGE CODE
Language code of text/sound track or separate title ara
049 ## - LOCAL HOLDINGS (OCLC)
Holding library اهداء
097 ## - Thesis Degree
Thesis Level ماجستير
099 ## - LOCAL FREE-TEXT CALL NUMBER (OCLC)
Classification number Cai01.34.M.Sc.2013.فا.ف
100 0# - MAIN ENTRY--PERSONAL NAME
Personal name فاطمة على محمد السيد نوفل
245 10 - TITLE STATEMENT
Title فعالية برنامج معرفى سلوكى فى التخفيف من حدة الاكتئاب والوسواس القهرى /
Statement of responsibility, etc. فاطمة على محمد السيد نوفل ؛ اشراف حسين محمد سعد الدين الحسينى : اكرم فتحى يونس
260 ## - PUBLICATION, DISTRIBUTION, ETC.
Place of publication, distribution, etc. المنصورة :
Name of publisher, distributor, etc. فاطمة على محمد السيد نوفل :
Date of publication, distribution, etc. 2013
300 ## - PHYSICAL DESCRIPTION
Extent 401ورقة ؛
Dimensions 30سم
502 ## - DISSERTATION NOTE
Dissertation note اطروحة (ماجستير) - جامعة المنصورة - كلية الاداب - قسم علم النفس
700 0# - ADDED ENTRY--PERSONAL NAME
Personal name اكرم فتحى يونس :
Relator term
700 0# - ADDED ENTRY--PERSONAL NAME
Personal name حسين محمد سعد الدين الحسينى :
Relator term
856 ## - ELECTRONIC LOCATION AND ACCESS
Uniform Resource Identifier <a href="http://172.23.153.220/th.pdf">http://172.23.153.220/th.pdf</a>
905 ## - LOCAL DATA ELEMENT E, LDE (RLIN)
Cataloger Nazla
Reviser Revisor
905 ## - LOCAL DATA ELEMENT E, LDE (RLIN)
Cataloger Soheir
Reviser Cataloger
942 ## - ADDED ENTRY ELEMENTS (KOHA)
Source of classification or shelving scheme Dewey Decimal Classification
Koha item type Thesis
المقتنيات
Source of classification or shelving scheme Not for loan Home library Current library Date acquired Full call number Barcode Date last seen Koha item type
Dewey Decimal Classification   المكتبة المركزبة الجديدة - جامعة القاهرة قاعة الرسائل الجامعية - الدور الاول 11.02.2024 Cai01.34.M.Sc.2013.فا.ف 01010100019599000 22.09.2023 Thesis
Cairo University Libraries Portal Implemented & Customized by: Eng. M. Mohamady Contacts: new-lib@cl.cu.edu.eg | cnul@cl.cu.edu.eg
CUCL logo CNUL logo
© All rights reserved — Cairo University Libraries
CUCL logo
Implemented & Customized by: Eng. M. Mohamady Contact: new-lib@cl.cu.edu.eg © All rights reserved — New Central Library
CNUL logo
Implemented & Customized by: Eng. M. Mohamady Contact: cnul@cl.cu.edu.eg © All rights reserved — Cairo National University Library